01170nas a2200313 4500001001300000003000900013005001700022007000300039008003400042040005400076041000900130072000800139100002800147100002200175100001700197100002200214245011500236650001100351650002400362650002000386650001100406650001200417773012500429856006800554909004000622942001800662999001900680952015700699BR2016001965BR-BrBNA20231205130344.0ta230509b bl.|||p| |||| 00| 00por d aBR-BrBNAbporcBiblioteca Nacional de Agricultura a(En) aL721 aDominghetti, T.F. de S.1 aBarros, A.T.M. de1 aSoares, C.O.1 aCançado, P.H.D.1 aStomoxys calcitrans (Diptera: Muscidae)outbreaks: current situation and future outlook with emphasis on Brazil aBOVINO aMOSCA DOS ESTABULOS aPRAGA DE ANIMAL aDEJETO aANALISE0 tBrazilian Journal of Veterinary Parasitology (Brazil)xISSN 1984-2961g(Oct-Dec 2015), v. 24(4) p. 387-395wBR201600196540uhttp://www.scielo.br/pdf/rbpv/v24n4/1984-2961-rbpv-24-4-387.pdf a202311bLúciac55dLúcia Elande 2AGRISn0cANA c249008d249008 002AGRIS4071a41918b41918cPeriódicos Agrícolash(Oct-Dec 2015), v. 24(4) p. 387-395l0r2023-11-29t01yCRePortaria Interministerial nº 164/94